Physics of magnetism

Αποθηκεύτηκε σε:
Λεπτομέρειες βιβλιογραφικής εγγραφής
Κύριος συγγραφέας: Chikazumi, Soshin 1922-
Μορφή: Βιβλίο
Γλώσσα:English
Δημοσίευση: Huntington, N.Y. : R. E. Krieger Pub. Co., 1986, c1964
Έκδοση:Repr. ed.
Θέματα:
Ετικέτες: Προσθήκη ετικέτας
Δεν υπάρχουν, Καταχωρήστε ετικέτα πρώτοι!

MARC

LEADER 00000cam a2200000 i 4500
001 1/55131
008 941103r19641986 eng d
020 |a 0882756621 
035 |l 10045198 
035 |a 1992  |c ΦΛΕΣΣΑΣ 
040 |a GR-MY-UA  |b gre  |e aacr 
041 0 |a eng 
082 0 |a 538 
100 1 |a Chikazumi, Soshin  |d 1922- 
245 1 0 |a Physics of magnetism /  |c by Sochin Chikazumi ; English ed. prepared with the assistance of Stanley H. Charap 
250 |a Repr. ed. 
260 |a Huntington, N.Y. :   |b R. E. Krieger Pub. Co.,   |c 1986, c1964 
300 |a xii, 554 p.;  |b ill.;  |c 24 cm. 
500 |a Substantial portions of this book were published in 1959 under title : Kyojiseitai no butsuri 
500 |a Reprint of the ed. published by Wiley, New York, in series: Wiley series on the science and technology of materials 
504 |a Includes bibliographical references and index 
650 0 0 |a Magnetism. 
852 |a INST  |b SAMOS  |e 19941103  |h 538 CHI  |p 005300000928  |q 005300000928  |t BK  |y 0 
909 |a Σ  |b 023376